000 00245nam a2200097Ia 4500
008 240321s9999 xx 000 0 und d
082 _a782.42
_bMIS
100 _aMishra, Yatindra
245 0 _aGirija: a journey through Thumri
260 _bRupa & Co.
999 _c61059
_d61059